La organización de los contenidos en el jardín de infantes

保存先:
書誌詳細
主要な著者: Spakowsky, Elisa (著者), Label, Clarisa (著者), Figueras Casanovas, Carmen (著者)
フォーマット: 図書
言語:スペイン語
出版事項: Buenos Aires Colihue 1998
版:1a. ed
シリーズ:Nuevos Caminos en Educación Infantil
主題:
タグ: タグ追加
タグなし, このレコードへの初めてのタグを付けませんか!

MARC

LEADER 00000nam a2200000 a 4500
001 UCL8556
003 CL-VaPUC
008 040625e19980000AG |||||||||||||||||spa|d
020 |a 9505816979 
082 0 4 |a 372.21  |b SPA  |2 21 
100 0 |a Spakowsky, Elisa  |e author  |9 486461 
700 0 |a Label, Clarisa  |e author  |9 486462 
700 0 |a Figueras Casanovas, Carmen  |e author  |9 486463 
245 1 3 |a La organización de los contenidos en el jardín de infantes 
250 |a 1a. ed 
300 |a 120 p 
942 |c BK 
945 |d 20040625 00:00:00  |a cmena 
260 |a Buenos Aires  |b Colihue  |c 1998 
650 0 |a Educación preescolar  |9 260381 
650 0 |a Planificación del currículo  |9 269599 
650 0 |a Métodos de enseñanza  |9 270413 
650 0 |a Rol del docente  |9 329733 
650 0 |a Juegos educativos  |9 307366 
583 |a last modification  |c 20040625 00:00:00  |k Rodrigo Vera 
490 0 |a Nuevos Caminos en Educación Infantil 
999 |c 309790  |d 309788 
952 |0 0  |1 0  |4 0  |6 372_210000000000000_SPA_1998  |7 0  |8 A  |9 377539  |a BIBEDU  |b BIBEDU  |d 2019-11-21  |i 4031016  |o 372.21 SPA 1998  |p 4031016  |r 2019-11-21  |w 2019-11-21  |y BK  |k PAR